000 00504nam a2200193Ia 4500
005 20240823030807.0
008 240823s9999||||xx |||||||||||||| ||und||
020 _a978-81-315-1415-3
041 _aENGLISH
082 _A629.2 Q1
100 _aDon Knowles
245 0 _aAutomotive Technology Service and Maintenance
250 _a1st
260 _c2011
_bCengage Learning
_aNew Delhi
500 _aYES
650 _aAutomotive Technology
_bAutomobile Engineering
942 _cBK
999 _c189543
_d189543